Thomas & Friends Narrators - Statistics

General Stats
  • This quiz has been taken 85 times
  • The average score is 5 of 7
Answer Stats
UK US Answer % Correct
1984-1986 1989-1990 Ringo Starr
100%
- 1991-1996 George Carlin
87%
- 1999-2002 Alec Baldwin
82%
1991-2012 (2004) Michael Angelis
82%
- 2004-2012 Michael Brandon
77%
2008 2008 Pierce Brosnan
63%
2013-2017 2013-2017 Mark Moraghan
45%
No matching quizzes found
Score Distribution
Percent of People with Each Score
Percentile by Number Answered
Your Score History
You have not taken this quiz